00780nam a2200229Ia 450000500170000000800410001702000190005808200190007710000300009624500560012625000400018230000270022249000120024965000410026165000370030265000390033926400490037833600270042733700330045433800280048704000350051520220317001125.0160825s2007 mx g 000 0 spa  a9789681609801204aMe864.08bR29a1 aReyes, Alfonsod1889-195910aAntologíabprosa, teatro, poesíacAlfonso Reyes a1a. edición b15a. reimpresión  a164 páginas c17 cm  aPopular142LEMBaLiteratura mexicana ySiglo XX142LEMBaTeatro mexicano ySiglo XX142LEMBaPoesía mexicana ySiglo XX aMéxicobFondo de Cultura Económicac2007 atextobtxt2rdacontent asin mediaciónbn2rdamedia avolumenbnc2rdacarrier aCO-BoRNBPbspaerdacCO-BoRNBP